Estadísticas para Países africanos más adivinados en JetPunk

Haz click aquí para tomar la prueba!

Estadísticas generales

  • Esta prueba ha sido tomada 5.630 veces
    (1.792 desde el último reinicio)
  • La puntuación promedio es 9 de 10

Estadísticas de respuestas

% adivinadoPaís% Correcto
97%Egipto
97%
96%Marruecos
97%
96%Sudáfrica
97%
93%Argelia
87%
94%R. D. del Congo
87%
94%República del Congo
85%
91%Níger
83%
89%Nigeria
81%
96%Madagascar
76%
89%Sudán
72%

Distribución de puntuación

Porcentaje por número respondido

Porcentaje de gente con cada puntuación

Historial de tus puntuaciones

No has tomado esta prueba desde el último reinicio